000 00954cam a22003133a 4500
001 29452
003 PGUSA
005 20140828083634.0
008 090719s2009||||xxu|||||s|||||000 1 eng d
040 _aPGUSA
_beng
042 _adc
050 4 _aPS
100 1 _aJames, Henry,
_d1843-1916
245 1 4 _aThe Wings of the Dove, Volume 1 of 2
_h[electronic resource] /
_cHenry James
260 _bProject Gutenberg,
_c2009
506 _aPublic domain in the USA.
516 _aElectronic text
653 _aAmericans -- England -- Fiction
653 _aTriangles (Interpersonal relations) -- Fiction
653 _aTerminally ill -- Fiction
653 _aVenice (Italy) -- Fiction
653 _aLondon (England) -- Fiction
653 _aAmericans -- Italy -- Fiction
653 _aYoung women -- Fiction
653 _aLove stories
830 0 _aProject Gutenberg
_v29452
856 4 0 _uhttp://www.gutenberg.org/ebooks/29452
942 _cEB
999 _c258707
_d258707